| 000 | 00654 a2200193 4500 | ||
|---|---|---|---|
| 003 | NUST | ||
| 005 | 20230118141158.0 | ||
| 010 | _a 79001497 | ||
| 020 | _a0839113307 | ||
| 040 | _cNust | ||
| 082 | 0 | 0 | _a414,PAI |
| 100 | 1 |
_aPainter, Colin. _9107005 |
|
| 245 | 1 | 3 |
_aAn introduction to instrumental phonetics / _cColin Painter. |
| 260 |
_aBaltimore : _bUniversity Park Press, _cc1979. |
||
| 300 |
_aix, 214 p. : _bill. ; _c28 cm. |
||
| 505 | _aIntroduction (Page-1), Acoustic Instrumentation (Page-9), Physiological Instruments (Page-43), A Classified Bibliography (Page-83). | ||
| 650 | 0 |
_aPhonetics _xInstruments. _9107006 |
|
| 942 |
_2ddc _cBK _k414,PAI |
||
| 999 |
_c185332 _d185332 |
||